书目信息 |
| 题名: |
中国木兰拳最新套路
|
|
| 作者: | 李钢 著 | |
| 分册: | ||
| 出版信息: | 上海 上海科学普及出版社 2006 |
|
| 页数: | 403页 | |
| 开本: | 21cm | |
| 丛书名: | ||
| 单 册: | ||
| 中图分类: | G852.19 | |
| 科图分类: | ||
| 主题词: | 拳术--套路(武术)--中国 , 拳术 , 套路(武术) | |
| 电子资源: | ||
| ISBN: | 7-5427-3321-4 | |
| 000 | 00872nam0 2200265 450 | |
| 001 | 003178518 | |
| 005 | 20070923091352.98 | |
| 010 | @a7-5427-3321-4@dCNY22.00 | |
| 100 | @a20060614d2006 em y0chiy0110 ea | |
| 101 | 0 | @achi |
| 102 | @aCN@b310000 | |
| 105 | @aa z 000yy | |
| 106 | @ar | |
| 200 | 1 | @a中国木兰拳最新套路@9zhong guo mu lan quan zui xin tao lu@f李钢著 |
| 210 | @a上海@c上海科学普及出版社@d2006 | |
| 215 | @a403页@c图,照片@d21cm | |
| 330 | @a本书包括中国木兰拳的基础理论知识、中国木兰拳规范套中四大系列内容简介等内容。书中在介绍套路动作要领的同时,附以相应的基础理论知识供学习参考。附录中还有几位木兰拳专家写的心得体会。 | |
| 606 | 0 | @a拳术@x套路(武术)@y中国 |
| 606 | 0 | @a拳术 |
| 606 | 0 | @a套路(武术) |
| 610 | 0 | @a木兰拳 |
| 690 | @aG852.19@v4 | |
| 701 | 0 | @a李钢@9li gang@f(1953.1~)@4著 |
| 801 | 0 | @aCN@bNLC@c20070923 |
| 905 | @dG852.19@e163 | |
| 中国木兰拳最新套路/李钢著.-上海:上海科学普及出版社,2006 |
| 403页:图,照片;21cm |
| ISBN 7-5427-3321-4:CNY22.00 |
| 本书包括中国木兰拳的基础理论知识、中国木兰拳规范套中四大系列内容简介等内容。书中在介绍套路动作要领的同时,附以相应的基础理论知识供学习参考。附录中还有几位木兰拳专家写的心得体会。 |
| ● |
| 相关链接 |
|
|
|
|
正题名:中国木兰拳最新套路
索取号:G852.19/163
 
预约/预借
| 序号 | 登录号 | 条形码 | 馆藏地/架位号 | 状态 | 备注 |
| 1 | 0626456 | 206264567 | 第一样本阅览室/ [索取号:G852.19/163] | 在馆 | |
| 2 | 0626457 | 206264576 | 第四借阅区/ [索取号:G852.19/163] | 在馆 | |
| 3 | 0626458 | 206264585 | 第四借阅区/ [索取号:G852.19/163] | 在馆 | |
| 4 | 0626459 | 206264594 | 第四借阅区/ [索取号:G852.19/163] | 在馆 | |
| 5 | 0626460 | 206264601 | 第四借阅区/ [索取号:G852.19/163] | 在馆 |